000 00646nam a2200193 i 4500
001 97576
003 ES-MaACL
005 20250801223404.0
007 t|
008 050714s1915 sp ||||1| spa d
100 1 _aMarden, Orison Swett.
_976564
245 1 3 _aEl poder del pensamiento /
_cescrito en inglés por Orison Swett Marden; traducido por Federico Climent Terrer.
260 _aBarcelona :
_b[s.n.],
_c1915 (
_fMariano Galve)
300 _a108 p. ;
_c18 cm.
650 4 _aÉxito-
_xAspectos psicológicos.
_9142381
700 1 _aCliment Terrer, Federico,
_d1860-ca. 1949
_939265
852 _aES-MaACL
_jD-1376
999 _c97576
_d97576